000 00757nam a22002537a 4500
003 UA-OsUOA
001 73613
007 ta
008 20110314b un ||||| |||| 00| 0 ukr d
100 _aПономаренко В.С.
700 _aМалярець Л.М.
090 _a330.342:519.86
_bП56
942 _cBK
040 _aUA-OsUOA
_bukr
_cUA-OsUOA
_dUA-OsUOA
245 _aАналіз даних у дослідженнях соціально-економічних систем
_bмонографія
300 _a432 с.
955 _a2
041 _aukr
080 _a330.342:519.86
020 _a978-966-392-240-9
260 _aХарків
_bІНЖЕК
_c2009
650 7 _a330 Економіка взагалі
_2UDC
999 _c359900
_d359900